| 000 | 01016nam0a2200229 4500 | ||
|---|---|---|---|
| 001 | RU\NLR\BIBL_A\011881522 | ||
| 005 | 20260406142754.0 | ||
| 035 | _a(NLR Aleph) 011881522 | ||
| 090 |
_a13419795 _c13419795 |
||
| 100 | _a20181205d1965 |||y0rusy50 ca | ||
| 101 | 0 | _aady | |
| 102 | _aRU | ||
| 105 | _ay z 000 y | ||
| 200 | 1 |
_aСССР-м социализмэмрэ коммунизмэмрэ щыгъэпсыгъэнхэм яхьылIэгъэ Iофыгъохэр _fВ.И. Ленин _gнаучнэ социализмэмкIэ библиотек цIыкIу |
|
| 210 |
_aКраснодар, Мыекъуапэ _cКраснодарскэ тхылъ тедзапI _d1965 |
||
| 215 |
_a102 с. _d19 |
||
| 541 | 1 |
_aВопросы строительства социализма и коммунизма в СССР _zrus |
|
| 700 | 1 |
_4070 _8rus _7ca _aЛенин _bВ. И. _f1870-1924 _gВладимир Ильич _3RU\NLR\AUTH\773584 _9113579 |
|
| 852 |
_aNLR _bОНЛ _jАдыг./2-580 |
||
| 942 | _cBOOK | ||
| 980 | _aNB | ||